| 000 | 00832nam a2200241 i 4500 | ||
|---|---|---|---|
| 001 | 000030525 | ||
| 003 | DO-SdBNP | ||
| 005 | 20240605121821.0 | ||
| 007 | ta | ||
| 008 | 110523s1986 dr ab r 000 0 spa d | ||
| 040 |
_aDO-SdBNP _bspa _cBNPHU _erda |
||
| 082 | 4 |
_bV443a _222 |
|
| 100 | 1 |
_aVeloz Maggiolo, Marcio, _d1936-2021 _91104 _eautor |
|
| 245 | 1 | 0 |
_aArqueología y patron de vida en el poblado circular de Juan Pedro, República Dominicana / _cMarcio Veloz Maggiolo, Elpidio Ortega. |
| 264 |
_aSanto Domingo : _bMuseo del Hombre Dominicano, _c1986. |
||
| 300 |
_a86 páginas : _bilustraciones, mapas ; _c23 cm. |
||
| 336 |
_2rdacontent _atexto _btxt |
||
| 337 |
_2rdamedia _asin mediación _bn |
||
| 338 |
_2rdacarrier _avolumen _bnc |
||
| 590 | _aInventariado, 2019/BT | ||
| 700 | 1 |
_aOrtega, Elpidio _916002 |
|
| 942 |
_2ddc _cLBS1 |
||
| 999 |
_c30017 _d30017 |
||